Statistics for Victorian Cabinet Ministers

Click here to take the quiz!

General Stats

  • This quiz has been taken 4 times
    (3 since last reset)
  • The average score is 18 of 35

Answer Stats

MinisterMinister's seatMinistry% Correct
Ben CarrollNiddrieMinister for Industry and Innovation
Minister for Manufacturing Sovereignity
Minister for Employment
Minister for Public Transport
100%
Daniel AndrewsMulgravePremier
100%
Jacinta AllanBendigo EastDeputy Premier
Minister for Transport and Infrastructure
Minister for the Suburban Rail Loop
100%
Anthony CarbinesIvanhoeMinister for Police
Minister for Crime Prevention
Minister for Racing
67%
Gabrielle WilliamsDandenongMinister of Mental Health
Minister for Ambulance Services
Minister for Treaty and First Peoples
67%
Katie HallFootscrayParliamentary Secretary for Creative Industries
Parliamentary Secretary for Early Childhood
67%
Kat TheophanousNorthcoteParliamentary Secretary for Women's Health
67%
Lily D'AmbrosioMill ParkMinister for Climate Change
Minister for Energy and Resources
Minister for the State Electricity Commission
67%
Michaela SettleEurekaParliamentary Secretary for Regional Development
Parliamentary Secretary for Agriculture
67%
Natalie SuleymanSt AlbansMinister for Veterans
Minister for Small Business
Minister for Youth
67%
Nathan LambertPrestonParliamentary Secretary for Multicultural Affairs
67%
Nina TaylorAlbert ParkParliamentary Secretary for Training and Skills
67%
Sonya KilkennyCarrumMinister for Planning
Minister for Outdoor Recreation
67%
Tim PallasWerribeeTreasurer
Minister for Industrial Relations
Minister for Trade and Investment
67%
Vicki WardElthamParliamentary Secretary for Education
67%
Brownyn HalfpennyThomastownParliamentary Secretary for Jobs
33%
Christine CouzensGeelongParliamentary Secretary for First Peoples
33%
Colin BrooksBundooraMinister for Housing
Minister for Multicultural Affairs
33%
Danny PearsonEssendonMinister for Government Services
Assistant Treasurer
Minister for WorkSafe and the TAC
Minister for the Consumer Aftairs
33%
Enver ErdoganLegislative Council
(Southern Metropolitan)
Minister for Corrections
33%
Gayle TierneyLegislative Council
(Western Victoria)
Minister for Training and Skills
Minister for Higher Education
Minister for Agriculture
33%
Harriet ShingLegislative Council
(Eastern Victoria)
Minister for Water
Minister for Regional Development
Minister for Equality
33%
Ingrid StittLegislative Council
(Western Metropolitan)
Minister for Early Childhood and Pre-Prep
Minister for Environment
33%
Jaclyn SymesLegislative Council
(Northern Victoria)
Leader of the Government in
the Legislative Council
Attorney-General
Minister for the Emergency Services
33%
Josh BullSunburyParliamentary Secretary for Level Crossing
Removals
Parliamentary Secretary for Transport
33%
Lizzie BlandthornLegislative Council
(Western Metropolitan)
Deputy Leader of the Government
in the Legislative Council
Minister for Disability, Ageing and Carers
Minister for Child Protection and
Family Services
33%
Mary-Anne ThomasMacedonLeader of the House
Minister for Health
Minister for Health Infrastructure
Minister for Medical Research
33%
Melissa HorneWilliamstownMinister for Casino, Gaming and
Liquor Regulation
Minister for Local Government
Minister for Ports and Freight
Minister for Roads and Road Safety
33%
Natalie HutchinsSydenhamMinister for Education
Minister for Women
33%
Nick StaikosBentleighParliamentary Secretary to the Premier
33%
Paul EdbrookeFrankstonParliamentary Secretary to the Treasurer
33%
Ros SpenceKalkalloMinister for Prevention of Family Violence
Minister for Community Sport
Minister for Suburban Development
33%
Sheena WattLegislative Council
(Northern Metropolitan)
Parliamentary Secretary for Housing
Parliamentary Secretary for Volunteers
33%
Steve DimopoulosOakleighMinister for Tourism, Sport and Major Events
Minister for Creative Industries
33%
Tim RichardsonMordiallocParliamentary Secretary for Health Infrastructure
Parliamentary Secretary for Mental Health and
Suicide Prevention
33%

Score Distribution

Percentile by Number Answered

Percent of People with Each Score

Your Score History

You have not taken this quiz since the last reset